It looks like you're offline.
Open Library logo
additional options menu

MARC record from Internet Archive

LEADER: 01023cam a2200253 a 4500
001 98004255
003 DLC
005 20100114071806.0
008 980407s1998 nyua 000 0deng
010 $a 98004255
020 $a0684801086
040 $aDLC$cDLC$dDLC
050 00 $aQL737.P97$bP4 1998
082 00 $a599.67/15$221
100 1 $aPayne, Katharine.
245 10 $aSilent thunder :$bin the presence of elephants /$cKaty Payne ; [illustrations by Laura Payne].
260 $aNew York :$bSimon & Schuster,$cc1998.
300 $a288 p. :$bill. ;$c25 cm.
650 0 $aElephants$xBehavior$vAnecdotes.
600 10 $aPayne, Katharine.
856 42 $3Contributor biographical information$uhttp://www.loc.gov/catdir/bios/simon054/98004255.html
856 42 $3Publisher description$uhttp://www.loc.gov/catdir/description/simon032/98004255.html
856 41 $3Sample text$uhttp://www.loc.gov/catdir/enhancements/fy0705/98004255-s.html
856 41 $3Table of contents only$uhttp://www.loc.gov/catdir/enhancements/fy0707/98004255-t.html